000 01642nas a2200409 c 4500
001 25650
003 ES-MaCES
005 20250327140544.0
007 cr |||||||||||
008 970923c1983 xxk | | |eng d
022 1 _a0020-8590
035 _aCES19980006310p
_z10645
040 _aES-MaCES
_bspa
_cES-MaCES
245 0 0 _aInternational review of social history
260 _aCambridge (The Edinburg Building, Shatesbury Road, CB2 2RU) [etc.]
_bCambridge University Press
_c[1983]-
300 _av.
_c23 cm
310 _aCuatrimestral
500 _aCerrada la suscripción de la ed. impresa, continua ed. electrónica
500 _aDescripción basada en: vol. 42, part 1 (Apr. 1997)
500 _aPublica supl. anual en diciembre
500 _aResúmenes en francés, alemán y español
500 _aEn la port., además: published for the Internationaal Instituut voor Sociale Geschiedenis, Amsterdam
541 _cCompra
650 4 _aciencia política
_927232
650 4 _aciencias sociales
_927256
650 4 _ahistoria
_927251
653 1 0 _aCiencias Sociales-Políticas
710 2 _aInternationaal Instituut voor Sociale Geschiedenis (Amsterdam)
_94349
853 2 1 _avol.
_bpart
_iyear
_jmes
_vr
_wt
854 2 1 _avol.
_bsuppl.
_iyear
_vc
_wx
856 4 _uhttps://www.cambridge.org/core/journals/international-review-of-social-history/all-issues
_ytexto completo desde vol. 1, n. 1 (1956)
866 0 _a1997-2021(2022).
_zUbicación: DEPÓSITO - 10645
905 _1Boletín D
_fP-OL
_k
_nIntRevSocHis
_pA
942 _2CES
_cCR
_h7.0.
999 _c25650
_d25650